| 000 | 00399nam a22001217a 4500 | ||
|---|---|---|---|
| 008 | 230612b xxu||||| |||| 00| 0 eng d | ||
| 082 |
_a354.676 _bGOK |
||
| 100 | _cGOK | ||
| 245 |
_a2016/2017 Programme Based Budget of the National Government of Kenya _bFor the Year Ending 30th June, 2017 _cApril 2016 |
||
| 260 |
_aNairobi, Kenya _bGOK _cApril 2016 |
||
| 300 | _a745p(Various panging) | ||
| 942 |
_2ddc _cBK |
||
| 999 |
_c1089 _d1089 |
||